Labor Economics / (Record no. 16135)

MARC details
000 -LEADER
fixed length control field 01128nam a22003255a 4500
008 - FIXED-LENGTH DATA ELEMENTS--GENERAL INFORMATION
fixed length control field 111011s2010 maua frb 001 0 eng d
010 ## - LIBRARY OF CONGRESS CONTROL NUMBER
LC control number 2007002125
020 ## - INTERNATIONAL STANDARD BOOK NUMBER
International Standard Book Number 0071270272
020 ## - INTERNATIONAL STANDARD BOOK NUMBER
International Standard Book Number 9780071270274
022 ## - INTERNATIONAL STANDARD SERIAL NUMBER
International Standard Serial Number 007110142x (International ed.)
035 ## - SYSTEM CONTROL NUMBER
System control number (OCoLC)ocm79256820
035 ## - SYSTEM CONTROL NUMBER
System control number (OCoLC)79256820
040 ## - CATALOGING SOURCE
Original cataloging agency EG-ScBUE
Language of cataloging eng
Transcribing agency EG-ScBUE
082 04 - DEWEY DECIMAL CLASSIFICATION NUMBER
Classification number 331
Item number BOR
Edition number 22
100 1# - MAIN ENTRY--PERSONAL NAME
Personal name Borjas, George J.
9 (RLIN) 27502
245 10 - TITLE STATEMENT
Title Labor Economics /
Statement of responsibility, etc George J. Borjas.
250 ## - EDITION STATEMENT
Edition statement 5th ed.
260 ## - PUBLICATION, DISTRIBUTION, ETC. (IMPRINT)
Place of publication, distribution, etc Boston :
Name of publisher, distributor, etc McGraw-Hill/Irwin,
Date of publication, distribution, etc 2010
300 ## - PHYSICAL DESCRIPTION
Extent xvi, 560 p. :
Other physical details ill. ;
Dimensions 24 cm.
500 ## - GENERAL NOTE
General note Includes indexes.
504 ## - BIBLIOGRAPHY, ETC. NOTE
Bibliography, etc Includes bibliographical references.
590 ## - LOCAL NOTE (RLIN)
Local note Menna elemam
650 #0 - SUBJECT ADDED ENTRY--TOPICAL TERM
Topical term or geographic name as entry element Labor economics.
9 (RLIN) 27503
Source of heading or term BUEsh
650 #0 - SUBJECT ADDED ENTRY--TOPICAL TERM
Topical term or geographic name as entry element Labor market
Geographic subdivision United States.
9 (RLIN) 27504
Source of heading or term BUEsh
651 ## - SUBJECT ADDED ENTRY--GEOGRAPHIC NAME
Source of heading or term BUEsh
653 ## - INDEX TERM--UNCONTROLLED
Resource For college BAEPS, Economics
Arrived date list August2015
856 42 - ELECTRONIC LOCATION AND ACCESS
Materials specified Publisher description
Uniform Resource Identifier <a href="http://www.loc.gov/catdir/enhancements/fy0708/2007002125-d.html">http://www.loc.gov/catdir/enhancements/fy0708/2007002125-d.html</a>
856 42 - ELECTRONIC LOCATION AND ACCESS
Materials specified Table of contents only
Uniform Resource Identifier <a href="http://www.loc.gov/catdir/enhancements/fy0714/2007002125-t.html">http://www.loc.gov/catdir/enhancements/fy0714/2007002125-t.html</a>
942 ## - ADDED ENTRY ELEMENTS (KOHA)
Item type Book - Borrowing
Call number prefix 331 BOR
Source of classification or shelving scheme Dewey Decimal Classification
Holdings
Withdrawn status Item status Source of classification or shelving scheme Damaged status Not for loan Vendor Home library Current library Shelving location Date acquired Source of acquisition Total Checkouts Total Renewals Full call number Barcode Date last seen Date last borrowed Koha item type
    Dewey Decimal Classification     Baccah Central Library Central Library First floor 11/10/2011   11 83 331 BOR 000025338 15/07/2025 16/12/2019 Book - Borrowing
    Dewey Decimal Classification     Baccah Central Library Central Library First floor 11/10/2011   16 112 331 BOR 000025339 15/07/2025 19/10/2020 Book - Borrowing
    Dewey Decimal Classification     Baccah Central Library Central Library First floor 11/10/2011   20 120 331 BOR 000025340 15/07/2025 19/10/2022 Book - Borrowing
    Dewey Decimal Classification     Baccah Central Library Central Library First floor 11/10/2011   16 221 331 BOR 000025341 15/07/2025 03/10/2024 Book - Borrowing